000
00208 a2200097 4500
001
5992
100
_a
Faber, R B
245
_a
Introduction to amplifiers.
260
_a
_b
McGraw-Hill
_c
090
_c
4897
_d
4897
942
_a
NUST-CAE
_c
M
_c
31263
999
_c
241065
_d
241065